000
00211nam a22000857a 4500
008
170118b xxu||||| |||| 00| 0 eng d
100
_9
2474
_a
Hollingsworth.A.
245
_a
Groeing Orchids is Feen
260
_a
USA
_c
1988
999
_c
5538
_d
5538